[Event "Autunno Scacchistico A"]
[Site "Venezia ITA"]
[Date "2007.11.02"]
[Round "2"]
[White "Omeri, Silvan"]
[Black "Pfeifer, Andreas"]
[Result "1-0"]
[WhiteElo "2181"]
[BlackElo "2131"]
[PlyCount "47"]
[EventDate "2007.11.01"]

1. Nf3 e6 2. g3 d5 3. c4 Nf6 4. Bg2 c6 5. b3 Be7 6. Bb2 O-O 7. O-O a5 8. Nc3 d4
9. Nb1 c5 10. e3 Nc6 11. exd4 cxd4 12. d3 e5 13. Re1 Bg4 14. h3 Bh5 15. g4 Bg6
16. Nxe5 Nxe5 17. Rxe5 Bd6 18. Rb5 b6 19. Bxa8 Qxa8 20. Bxd4 Nd7 21. Nc3 Bc5
22. Bxc5 bxc5 23. Nd5 Ne5 24. f4 1-0

[Event "Autunno Scacchistico A"]
[Site "Venezia ITA"]
[Date "2007.11.02"]
[Round "2"]
[White "Opacic, Alexandar"]
[Black "Mufic, Goran"]
[Result "0-1"]
[WhiteElo "2109"]
[BlackElo "2293"]
[PlyCount "46"]
[EventDate "2007.11.01"]

1. e4 c6 2. d4 d5 3. Nc3 dxe4 4. Nxe4 Nd7 5. Ng5 Ngf6 6. Bc4 e6 7. N1f3 h6 8.
Nh3 g5 9. Nfg1 Nb6 10. Be2 c5 11. Be3 Nbd5 12. Qd3 Qa5+ 13. c3 Bd7 14. dxc5
Nxe3 15. Qxe3 Bxc5 16. Qf3 Be7 17. Qxb7 O-O 18. Qa6 Qc7 19. f3 Rab8 20. O-O-O
Nd5 21. Rxd5 exd5 22. Qxh6 Bf5 23. Nf2 Rxb2 0-1

[Event "Autunno Scacchistico A"]
[Site "Venezia ITA"]
[Date "2007.11.02"]
[Round "2"]
[White "Panican, Gheorghe"]
[Black "Dvirnyy, Danyyil"]
[Result "0-1"]
[WhiteElo "2104"]
[BlackElo "2333"]
[PlyCount "64"]
[EventDate "2007.11.01"]

1. e4 c5 2. Nf3 d6 3. d4 cxd4 4. Nxd4 Nf6 5. Nc3 g6 6. Be3 Bg7 7. f3 Nc6 8. Qd2
O-O 9. Bc4 Bd7 10. O-O-O Rb8 11. h4 b5 12. Nxc6 Bxc6 13. Bb3 a5 14. Bd5 b4 15.
Ne2 Bxd5 16. exd5 Rb5 17. c4 Qc7 18. Qc2 Rc8 19. b3 Rxd5 20. Nf4 Rxd1+ 21. Rxd1
a4 22. g4 axb3 23. axb3 Qc6 24. Qe2 Ra8 25. Bd2 Ra1+ 26. Kc2 Ra2+ 27. Kd3 d5
28. Rc1 Rb2 29. Qxe7 dxc4+ 30. Ke2 c3 31. Qd8+ Bf8 32. g5 Qb5+ 0-1

[Event "Autunno Scacchistico A"]
[Site "Venezia ITA"]
[Date "2007.11.02"]
[Round "2"]
[White "Paris, Giorgio"]
[Black "Pomaro, Alberto"]
[Result "0-1"]
[WhiteElo "2055"]
[BlackElo "2153"]
[PlyCount "64"]
[EventDate "2007.11.01"]

1. e4 e6 2. d4 d5 3. Nc3 Bb4 4. e5 c5 5. a3 Bxc3+ 6. bxc3 Ne7 7. a4 Qa5 8. Bd2
Nbc6 9. f4 O-O 10. Nf3 f6 11. Be2 c4 12. O-O Bd7 13. Qc1 Be8 14. Nh4 fxe5 15.
fxe5 Rxf1+ 16. Kxf1 Ng6 17. Nf3 Nf8 18. Ra2 Bg6 19. Qe1 Ne7 20. g4 Nd7 21. Qg3
Qb6 22. Qe1 Rf8 23. Kg2 Be4 24. Kg3 h6 25. Nh4 g5 26. Nf3 Ng6 27. Nxg5 hxg5 28.
Bxg5 Qc7 29. h4 Ndxe5 30. dxe5 Qxe5+ 31. Kh3 Bf3 32. Ra1 Bxe2 0-1

[Event "Autunno Scacchistico A"]
[Site "Venezia ITA"]
[Date "2007.11.02"]
[Round "2"]
[White "Pechy, Alaster"]
[Black "Faccia, Sergio"]
[Result "1-0"]
[WhiteElo "2165"]
[BlackElo "2071"]
[PlyCount "65"]
[EventDate "2007.11.01"]

1. d4 Nf6 2. Nf3 g6 3. g3 Bg7 4. Bg2 O-O 5. c4 d6 6. O-O c5 7. dxc5 dxc5 8. Nc3
Nc6 9. Be3 Qa5 10. Qa4 Qb6 11. Qb5 Bd7 12. Na4 Qxb5 13. cxb5 Na5 14. Nxc5 Bxb5
15. Nd4 Bc4 16. b4 Nc6 17. Rac1 Bxa2 18. Nxc6 bxc6 19. Bxc6 Rac8 20. Nd3 Rc7
21. Ra1 Rxc6 22. Rxa2 a6 23. Rc1 Rfc8 24. Rxc6 Rxc6 25. Nc5 Nd5 26. Rxa6 Rxa6
27. Nxa6 Nxe3 28. fxe3 Bc3 29. b5 Ba5 30. Nc5 Kf8 31. b6 Ke8 32. b7 Bc7 33. Na6
1-0

[Event "Autunno Scacchistico A"]
[Site "Venezia ITA"]
[Date "2007.11.02"]
[Round "2"]
[White "Ramesa, Davor"]
[Black "Gallo, Enrico"]
[Result "1-0"]
[WhiteElo "2308"]
[BlackElo "2077"]
[PlyCount "55"]
[EventDate "2007.11.01"]

1. Nf3 Nf6 2. c4 b6 3. d4 e6 4. Bf4 Bb7 5. e3 Be7 6. Nc3 Nh5 7. Bg3 Nxg3 8.
hxg3 d6 9. Bd3 Nd7 10. Qc2 Nf8 11. O-O-O Qd7 12. Be4 O-O-O 13. d5 Bf6 14. Nd4
Bxd4 15. exd4 g6 16. c5 exd5 17. Bxd5 Kb8 18. Bxb7 Kxb7 19. b4 d5 20. b5 c6 21.
Qa4 Rc8 22. Qa6+ Kb8 23. cxb6 cxb5 24. Kb2 axb6 25. Nxb5 Rc4 26. Qxb6+ Ka8 27.
Rd3 Rb4+ 28. Ka1 1-0

[Event "Autunno Scacchistico A"]
[Site "Venezia ITA"]
[Date "2007.11.02"]
[Round "2"]
[White "Rombaldoni, Axel"]
[Black "Szirmai, Emil"]
[Result "1-0"]
[WhiteElo "2399"]
[BlackElo "2102"]
[PlyCount "43"]
[EventDate "2007.11.01"]

1. e4 c5 2. Nf3 Nc6 3. d4 cxd4 4. Nxd4 Nf6 5. Nc3 e5 6. Ndb5 d6 7. Nd5 Nxd5 8.
exd5 Ne7 9. c3 Nf5 10. a4 g6 11. Bd3 Bg7 12. O-O O-O 13. Qb3 a6 14. Na3 Ne7 15.
Be3 Bf5 16. Be2 Be4 17. Rad1 Nf5 18. Bb6 Qg5 19. g3 Nh6 20. Nc4 Qe7 21. Qb4 Nf5
22. Na3 1-0

[Event "Autunno Scacchistico A"]
[Site "Venezia ITA"]
[Date "2007.11.02"]
[Round "2"]
[White "Solinas, Carlo"]
[Black "Bonafede, Alessandro"]
[Result "0-1"]
[WhiteElo "2050"]
[BlackElo "2279"]
[PlyCount "94"]
[EventDate "2007.11.01"]

1. e4 c5 2. d4 cxd4 3. c3 dxc3 4. Nxc3 Nc6 5. Nf3 e6 6. Bc4 a6 7. O-O Nge7 8.
Bg5 h6 9. Bh4 Qa5 10. Bg3 Ng6 11. Nd5 exd5 12. exd5 Be7 13. Re1 O-O 14. dxc6
dxc6 15. Ne5 Nxe5 16. Rxe5 Qd8 17. Qe2 Bf6 18. Rd1 Qb6 19. Re8 Bf5 20. Rxa8
Rxa8 21. Qh5 g6 22. Qxh6 Qxb2 23. h3 b5 24. Bb3 a5 25. Rd2 Qc3 26. Bf4 a4 27.
Bd1 b4 28. Rd6 Be5 29. Rd2 Bxf4 30. Qxf4 b3 31. g4 Be6 32. axb3 axb3 33. Qe3
Qxe3 34. fxe3 Ra1 35. Kf2 b2 36. Rxb2 Rxd1 37. Kg3 g5 38. e4 Kg7 39. Rc2 Rd3+
40. Kg2 Bd7 41. Rc5 Kg6 42. Ra5 Rc3 43. Ra8 c5 44. Rg8+ Kf6 45. e5+ Kxe5 46.
Rxg5+ Kf4 47. Rg7 Be6 0-1

[Event "Autunno Scacchistico A"]
[Site "Venezia ITA"]
[Date "2007.11.02"]
[Round "2"]
[White "Vianello, Enrico"]
[Black "You Zi Chih, Stefano"]
[Result "1-0"]
[WhiteElo "2169"]
[BlackElo "2109"]
[PlyCount "63"]
[EventDate "2007.11.01"]

1. d4 b6 2. e4 e6 3. Bd3 Bb7 4. Nf3 g6 5. Bg5 Ne7 6. Bf6 Rg8 7. Qd2 d6 8. c4
Nd7 9. Bg5 Bg7 10. Nc3 c5 11. Bc2 a6 12. O-O Qc7 13. d5 e5 14. Ne1 f6 15. Be3
g5 16. Bd1 Nf8 17. a4 h5 18. Nd3 Rh8 19. a5 Nd7 20. Ba4 Nc8 21. Rfc1 bxa5 22.
Ne2 Kf7 23. Bd1 f5 24. exf5 e4 25. Ne1 Ne5 26. Bxg5 Nb6 27. f6 e3 28. Qxe3 Bf8
29. f4 Nbxc4 30. Rxc4 Nxc4 31. Qe6+ Kg6 32. Bc2# 1-0

[Event "Autunno Scacchistico A"]
[Site "Venezia ITA"]
[Date "2007.11.02"]
[Round "2"]
[White "Zarpellon, Daniel"]
[Black "Xia, Jie"]
[Result "0-1"]
[WhiteElo "2001"]
[BlackElo "2220"]
[PlyCount "148"]
[EventDate "2007.11.01"]

1. e4 c5 2. Nf3 Nc6 3. d4 cxd4 4. c3 d3 5. Bxd3 d6 6. O-O g6 7. Be3 Bg7 8. h3
Nf6 9. Qd2 O-O 10. Na3 d5 11. exd5 Qxd5 12. Be2 Rd8 13. Qxd5 Nxd5 14. Bg5 h6
15. Bd2 e5 16. Rad1 Be6 17. Nc2 a5 18. Bc1 a4 19. a3 Nb6 20. Ne3 Na5 21. Rxd8+
Rxd8 22. Rd1 Rxd1+ 23. Bxd1 Bb3 24. Be2 f5 25. Bb5 Kf7 26. Nd2 Be6 27. Kf1 h5
28. Ke2 Bh6 29. Nef1 e4 30. Nb3 Nxb3 31. Bxh6 Bc4+ 32. Bxc4+ Nxc4 33. f3 exf3+
34. Kxf3 Nxb2 35. Ne3 Nd2+ 36. Ke2 Ndc4 37. Nxc4 Nxc4 38. Bc1 Ke6 39. h4 Kd5
40. Kd3 b5 41. g3 Nd6 42. Bf4 Ne4 43. Kc2 Kc4 44. Be5 Nc5 45. Bd6 Ne4 46. Be5
Kd5 47. Bf4 Nc5 48. Bb8 Ke4 49. Bd6 Ne6 50. Bb8 Nc5 51. Bd6 Nd3 52. Bc7 Ne1+
53. Kd2 Nd3 54. Kc2 f4 55. gxf4 Nxf4 56. Bd8 Ne6 57. Be7 Nf4 58. Bg5 Nd5 59.
Kd2 Nb6 60. Kc2 Nc4 61. Be7 Ke3 62. Bb4 Ke2 63. Bc5 Ne5 64. Be7 Ke3 65. Bf6 Nc4
66. Be7 Ke4 67. Bc5 Kd5 68. Bb4 Ne3+ 69. Kd3 Nf5 70. c4+ bxc4+ 71. Kc3 Nxh4 72.
Bf8 Nf3 73. Kb4 h4 74. Kxa4 h3 0-1

[Event "Autunno Scacchistico A"]
[Site "Venezia ITA"]
[Date "2007.11.02"]
[Round "3"]
[White "Bonafede, Alessandro"]
[Black "Omeri, Silvan"]
[Result "1/2-1/2"]
[WhiteElo "2279"]
[BlackElo "2181"]
[PlyCount "132"]
[EventDate "2007.11.01"]

1. e4 Nf6 2. e5 Nd5 3. d4 d6 4. Nf3 Bg4 5. Be2 e6 6. O-O Bxf3 7. Bxf3 c6 8. Qe2
dxe5 9. dxe5 Nd7 10. c4 Ne7 11. Bd2 Ng6 12. Bc3 Qc7 13. Re1 h5 14. g3 h4 15.
Nd2 a5 16. b3 hxg3 17. hxg3 Bb4 18. Bb2 Ndxe5 19. Be4 O-O-O 20. Bxg6 Nxg6 21.
Rad1 Nf4 22. gxf4 Qxf4 23. Nf1 Rxd1 24. Rxd1 Qh4 25. Qf3 f6 26. Rd4 Qh6 27. Rd3
e5 28. Ng3 Kc7 29. Kf1 Qh3+ 30. Qg2 Qe6 31. a3 Be7 32. Qe4 Bf8 33. Ke2 b6 34.
Qf5 Qxf5 35. Nxf5 g6 36. Ng3 Rh4 37. a4 Bd6 38. Rd1 Bc5 39. Rh1 Rg4 40. Bc1 Kd6
41. Rh3 e4 42. Nf1 f5 43. Rg3 Rxg3 44. fxg3 Bd4 45. Bg5 Ke6 46. Ne3 Bc5 47. Ng2
Bd4 48. Nh4 Bf6 49. Be3 g5 50. Ng2 Bd8 51. Bd2 Be7 52. Be3 Bd8 53. Ne1 Ke5 54.
Ng2 Kf6 55. Bd4+ Kg6 56. Be5 Be7 57. Ne3 Bc5 58. Nc2 Kh5 59. Nd4 Kg4 60. Nxc6
f4 61. gxf4 gxf4 62. Nd4 Be7 63. Nc2 Bc5 64. Nd4 Be7 65. Nb5 Bh4 66. Bd4 f3+
1/2-1/2

[Event "Autunno Scacchistico A"]
[Site "Venezia ITA"]
[Date "2007.11.02"]
[Round "3"]
[White "Dvirnyy, Danyyil"]
[Black "Grandesso, Emanuele"]
[Result "1-0"]
[WhiteElo "2333"]
[BlackElo "2092"]
[PlyCount "129"]
[EventDate "2007.11.01"]

1. e4 g6 2. d4 Bg7 3. Nf3 d6 4. Nc3 Nf6 5. Be3 c6 6. Qd2 Nbd7 7. Bd3 e5 8. O-O
O-O 9. Rfe1 Qe7 10. h3 exd4 11. Bxd4 Ne5 12. Nxe5 dxe5 13. Be3 Be6 14. Na4 b6
15. b3 Rad8 16. Qc3 Rc8 17. Rad1 Nd7 18. Nb2 f5 19. Bc4 f4 20. Bc1 b5 21. Bxe6+
Qxe6 22. Rd3 Rf7 23. a4 a6 24. f3 Bf8 25. Qa5 g5 26. Rdd1 h5 27. Nd3 g4 28.
hxg4 hxg4 29. Kf2 Nc5 30. Qc3 Nxd3+ 31. Rxd3 Rg7 32. fxg4 Qxg4 33. Rg1 f3 34.
Rxf3 Qxe4 35. Be3 Be7 36. Qd3 Qg4 37. Qf5 Qxf5 38. Rxf5 bxa4 39. bxa4 Rg4 40.
Rxe5 Bh4+ 41. g3 Bf6 42. Rf5 Bd4 43. Rf4 Bxe3+ 44. Kxe3 Rg5 45. Rc4 Kg7 46. g4
Kh6 47. Rb1 Re5+ 48. Kd4 Rd5+ 49. Kc3 Kg5 50. Rh1 Kg6 51. Rb1 Kg5 52. Rb6 a5
53. Rbxc6 Rxc6 54. Rxc6 Kxg4 55. Kc4 Rd8 56. Kb5 Kf4 57. Kxa5 Ra8+ 58. Kb5 Ke5
59. c4 Kd4 60. a5 Rb8+ 61. Rb6 Rc8 62. Rd6+ Ke5 63. c5 Rb8+ 64. Rb6 Ra8 65. a6
1-0

[Event "Autunno Scacchistico A"]
[Site "Venezia ITA"]
[Date "2007.11.02"]
[Round "3"]
[White "Faccia, Sergio"]
[Black "Bosiocic, Marko"]
[Result "1-0"]
[WhiteElo "2071"]
[BlackElo "2160"]
[PlyCount "54"]
[EventDate "2007.11.01"]

1. e4 e5 2. Nf3 Nc6 3. d4 exd4 4. Bc4 Bc5 5. O-O Nf6 6. e5 d5 7. exf6 dxc4 8.
Re1+ Be6 9. Ng5 Qd5 10. Nc3 Qf5 11. Nce4 Bf8 12. Nxf7 Kxf7 13. Ng5+ Kg8 14.
fxg7 Bxg7 15. Nxe6 Be5 16. Ng5 Rf8 17. Nf3 h6 18. Bd2 Kh7 19. Nxe5 Nxe5 20. Qe2
Ng6 21. Rad1 Rhg8 22. g3 Re8 23. Qxc4 Nh4 24. Rxe8 Rxe8 25. Qd3 Re4 26. f4 Kh8
27. Kf2 Qh3 1-0

[Event "Autunno Scacchistico A"]
[Site "Venezia ITA"]
[Date "2007.11.02"]
[Round "3"]
[White "Horton-Kitchlew, Andrew"]
[Black "Vancini, Edoardo"]
[Result "1-0"]
[WhiteElo "2097"]
[BlackElo "2290"]
[PlyCount "69"]
[EventDate "2007.11.01"]

1. Nf3 c5 2. e3 Nf6 3. d4 g6 4. d5 Bg7 5. c4 d6 6. Nc3 O-O 7. Bd3 e6 8. dxe6
Bxe6 9. e4 Nc6 10. O-O h6 11. Re1 Nh5 12. Rb1 a6 13. Be3 Qf6 14. Qd2 g5 15. Nd5
Bxd5 16. exd5 Nb4 17. a3 Nxd3 18. Qxd3 Rfe8 19. h3 Nf4 20. Bxf4 Qxf4 21. Qb3 h5
22. g3 Qf5 23. Kg2 Rab8 24. Qb6 g4 25. hxg4 hxg4 26. Nh4 Qd7 27. b4 Bd4 28.
bxc5 Bxc5 29. Qb2 Rxe1 30. Rxe1 Re8 31. Nf5 f6 32. Rxe8+ Qxe8 33. Qxf6 Qe4+ 34.
Kh2 Qe5 35. Ne7+ 1-0

[Event "Autunno Scacchistico A"]
[Site "Venezia ITA"]
[Date "2007.11.02"]
[Round "3"]
[White "Kasparova, Tatiana"]
[Black "Opacic, Alexandar"]
[Result "1-0"]
[WhiteElo "2181"]
[BlackElo "2109"]
[PlyCount "91"]
[EventDate "2007.11.01"]

1. e4 c5 2. Nf3 e6 3. d4 cxd4 4. Nxd4 a6 5. c4 Nf6 6. Bd3 Nc6 7. Nxc6 dxc6 8.
O-O e5 9. Qc2 Bc5 10. Nd2 Be6 11. Nb3 Ba7 12. Be2 Qe7 13. Bd2 h6 14. Bc3 Bg4
15. Rad1 O-O 16. Bxg4 Nxg4 17. h3 Nf6 18. Nd2 Bd4 19. Nf3 c5 20. Ba5 Qe6 21.
Nh4 g6 22. Bd2 Kg7 23. Qc1 Rh8 24. Rde1 Nd7 25. b3 Qe7 26. Nf3 Nf8 27. Nxd4
exd4 28. f4 f6 29. f5 g5 30. e5 Qd7 31. Qd1 Re8 32. e6 Qd6 33. Qf3 Re7 34. Qd5
Qc7 35. Qf3 Qd8 36. b4 b6 37. bxc5 bxc5 38. Qc6 g4 39. hxg4 Rg8 40. Qxc5 Kh7
41. Ba5 Qe8 42. Qxd4 Reg7 43. Re4 h5 44. Qxf6 Nd7 45. Qd4 Rxg4 46. Rxg4 1-0

[Event "Autunno Scacchistico A"]
[Site "Venezia ITA"]
[Date "2007.11.02"]
[Round "3"]
[White "Milazzo, Mario"]
[Black "Cristiani, Cesare"]
[Result "1/2-1/2"]
[WhiteElo "1971"]
[BlackElo "2166"]
[PlyCount "139"]
[EventDate "2007.11.01"]

1. e4 e6 2. d4 d5 3. exd5 exd5 4. Bd3 c5 5. c3 cxd4 6. cxd4 Nc6 7. Ne2 Bd6 8.
Nbc3 Nge7 9. O-O h6 10. a3 O-O 11. h3 a6 12. b4 Be6 13. Bc2 Rc8 14. Na4 Bf5 15.
Bxf5 Nxf5 16. Qd3 Qf6 17. Nb6 Rcd8 18. Nxd5 Bh2+ 19. Kxh2 Rxd5 20. Be3 Nfxd4
21. Nxd4 Nxd4 22. Bxd4 Rxd4 23. Qg3 Rfd8 24. Ra2 h5 25. f3 h4 26. Qf2 Qf4+ 27.
Kh1 Qg5 28. Re2 Rd3 29. Rfe1 Rxa3 30. f4 Qf6 31. Re4 Ra1 32. Rxa1 Qxa1+ 33. Kh2
Qf6 34. Qc5 Qg6 35. Qe3 Qd6 36. Re8+ Rxe8 37. Qxe8+ Qf8 38. Qe4 Qb8 39. Kh1 b6
40. f5 Qd8 41. Kh2 a5 42. bxa5 bxa5 43. f6 Qxf6 44. Qa8+ Kh7 45. Qxa5 Qf4+ 46.
Kh1 g6 47. Qd5 Qf5 48. Qd8 Qf1+ 49. Kh2 Qf4+ 50. Kh1 Kg7 51. Qd7 g5 52. Qe7
Qf1+ 53. Kh2 Qf6 54. Qd7 Qe6 55. Qd4+ f6 56. Qa7+ Kg6 57. Qa8 f5 58. Qd8 Qf6
59. Qg8+ Kh6 60. Kh1 f4 61. Qd5 Qg6 62. Qf3 Qe6 63. Qa8 Kg7 64. Qb7+ Kf6 65.
Qb2+ Qe5 66. Qb6+ Ke7 67. Qb7+ Kd6 68. Qb8+ Kd5 69. Qb5+ Ke4 70. Qb1+ 1/2-1/2

[Event "Autunno Scacchistico A"]
[Site "Venezia ITA"]
[Date "2007.11.02"]
[Round "3"]
[White "Panican, Gheorghe"]
[Black "Bellavita, Guido"]
[Result "0-1"]
[WhiteElo "2104"]
[BlackElo "2131"]
[PlyCount "68"]
[EventDate "2007.11.01"]

1. e4 e6 2. d4 d5 3. Nc3 Bb4 4. e5 c5 5. a3 cxd4 6. Qxd4 Nc6 7. Bb5 Ba5 8. b4
Bb6 9. Qg4 Nge7 10. Nf3 Bd7 11. O-O a6 12. Bd3 Qc7 13. Na4 Ba7 14. Bf4 Nd4 15.
Nb2 Nxf3+ 16. Qxf3 Bd4 17. Rab1 Bxe5 18. Bxe5 Qxe5 19. Rfe1 Qf6 20. Qh5 h6 21.
c4 O-O 22. Re3 Qg5 23. Qh3 f5 24. cxd5 Nxd5 25. Rg3 Nf4 26. Rxg5 Nxh3+ 27. gxh3
hxg5 28. Nc4 Bc6 29. Re1 Rad8 30. Bc2 Rd4 31. Ne5 Bd5 32. Nd7 Rc8 33. Bb1 Rc3
34. Nb6 Bb3 0-1

[Event "Autunno Scacchistico A"]
[Site "Venezia ITA"]
[Date "2007.11.02"]
[Round "3"]
[White "Pastres, Roberto"]
[Black "Paris, Giorgio"]
[Result "1/2-1/2"]
[WhiteElo "2119"]
[BlackElo "2055"]
[PlyCount "52"]
[EventDate "2007.11.01"]

1. e4 e5 2. Bc4 Nf6 3. d3 Nc6 4. Nc3 Be7 5. Nge2 Na5 6. Ng3 d6 7. O-O O-O 8. a4
Nxc4 9. dxc4 c6 10. Qd3 Qc7 11. Rd1 Rd8 12. f3 Be6 13. Be3 d5 14. exd5 cxd5 15.
Nb5 Qb8 16. c5 a6 17. Na3 h6 18. Nf5 Bxf5 19. Qxf5 d4 20. Bd2 Bxc5 21. b4 Be7
22. Nc4 Qc8 23. Qxe5 Qxc4 24. Qxe7 Rd7 25. Qe5 Re8 26. Qf5 d3 1/2-1/2

[Event "Autunno Scacchistico A"]
[Site "Venezia ITA"]
[Date "2007.11.02"]
[Round "3"]
[White "Pesco, Giuseppe"]
[Black "Bozzali, Ermanno"]
[Result "0-1"]
[WhiteElo "2031"]
[BlackElo "2136"]
[PlyCount "76"]
[EventDate "2007.11.01"]

1. Nf3 c5 2. g3 b6 3. Bg2 Bb7 4. d3 e6 5. e4 d6 6. Qe2 Nf6 7. O-O Be7 8. Nbd2
O-O 9. h3 Nbd7 10. Nh2 Qc7 11. f4 Rad8 12. g4 e5 13. f5 h6 14. h4 g5 15. Ndf3
Nh7 16. hxg5 hxg5 17. Kf2 d5 18. Rh1 c4 19. Nf1 cxd3 20. cxd3 dxe4 21. dxe4 Nc5
22. Ne1 Nf6 23. Ng3 Ba6 24. Qf3 Nd3+ 25. Nxd3 Rxd3 26. Be3 Qc2+ 27. Kg1 Rxe3
28. Qf2 Qxf2+ 29. Kxf2 Nxg4+ 30. Kg1 Rxg3 31. Rh3 Bc5+ 32. Kh1 Nf2+ 33. Kh2
Rxg2+ 34. Kxg2 Nxh3 35. Kxh3 Rd8 36. Kg4 f6 37. Kh5 Kg7 38. a3 Be2# 0-1

[Event "Autunno Scacchistico A"]
[Site "Venezia ITA"]
[Date "2007.11.02"]
[Round "3"]
[White "Pfeifer, Andreas"]
[Black "Zarpellon, Daniel"]
[Result "0-1"]
[WhiteElo "2131"]
[BlackElo "2001"]
[PlyCount "74"]
[EventDate "2007.11.01"]

1. e4 c5 2. Nf3 Nc6 3. d4 cxd4 4. Nxd4 g6 5. Nc3 Bg7 6. Nxc6 dxc6 7. Qxd8+ Kxd8
8. Bc4 f6 9. e5 fxe5 10. O-O Bf5 11. Bb3 Nf6 12. h3 h5 13. a4 Kc7 14. Be3 b6
15. a5 e6 16. Na4 Rab8 17. Rfd1 Nd5 18. Bd2 Bf8 19. Re1 Bd6 20. axb6+ axb6 21.
Nc3 Nf6 22. Bg5 Nh7 23. Bh4 Ra8 24. Rad1 Rhe8 25. Ne4 Bxe4 26. Rxe4 Ra5 27. Re2
g5 28. Red2 Rd8 29. Bg3 Nf8 30. Kf1 Ng6 31. Bxe6 Nf4 32. Bf7 h4 33. Bh2 Raa8
34. f3 Be7 35. Bg1 Rxd2 36. Bxb6+ Kxb6 37. Rxd2 Ra1+ 0-1

[Event "Autunno Scacchistico A"]
[Site "Venezia ITA"]
[Date "2007.11.02"]
[Round "3"]
[White "Pomaro, Alberto"]
[Black "Solinas, Carlo"]
[Result "1-0"]
[WhiteElo "2153"]
[BlackElo "2050"]
[PlyCount "79"]
[EventDate "2007.11.01"]

1. e4 e5 2. Nf3 Nc6 3. Bb5 f5 4. Nc3 fxe4 5. Nxe4 d5 6. Nxe5 dxe4 7. Nxc6 Qd5
8. c4 Qd6 9. Nxa7+ Bd7 10. Bxd7+ Qxd7 11. Qh5+ g6 12. Qe5+ Kf7 13. Nb5 c6 14.
Qd4 Qe7 15. Nc3 Nf6 16. O-O Bg7 17. f3 Rhd8 18. Qe3 Kg8 19. Nxe4 Nxe4 20. Qxe4
Qc5+ 21. Kh1 Re8 22. Qh4 g5 23. Qg3 Qxc4 24. d3 Qxd3 25. Bxg5 Re6 26. Qc7 Qb5
27. f4 h6 28. f5 Re2 29. Bh4 Qd5 30. Qg3 Qe5 31. Qg6 Qe8 32. Qg3 Qe5 33. Qb3+
Qd5 34. Qh3 Bxb2 35. Qg4+ Kh8 36. Qxe2 Bxa1 37. Rxa1 Qd4 38. Qe1 Rg8 39. Bg3
Kh7 40. Rd1 1-0

[Event "Autunno Scacchistico A"]
[Site "Venezia ITA"]
[Date "2007.11.02"]
[Round "3"]
[White "Redo, Giorgio"]
[Black "Keller, Christophe"]
[Result "1/2-1/2"]
[WhiteElo "2093"]
[BlackElo "2221"]
[PlyCount "93"]
[EventDate "2007.11.01"]

1. f4 e5 2. fxe5 d6 3. Nf3 Nc6 4. e4 dxe5 5. Bc4 Bc5 6. d3 Nf6 7. Bg5 Bg4 8. c3
O-O 9. Nbd2 h6 10. Bh4 Be7 11. h3 Be6 12. O-O Nd7 13. Qe1 Bxh4 14. Nxh4 Bxc4
15. Nxc4 Nc5 16. Rd1 Ne6 17. Qg3 Qg5 18. Qxg5 hxg5 19. Nf5 Rad8 20. h4 gxh4 21.
Nxh4 Nc5 22. Rf3 Nxe4 23. Re1 Ng5 24. Rfe3 f6 25. g4 Kf7 26. Kg2 Rh8 27. Nf3
Nh3 28. Nfxe5+ Nxe5 29. Nxe5+ fxe5 30. Rxh3 Rxh3 31. Kxh3 Rxd3+ 32. Kh4 Ke6 33.
Re2 Rd7 34. Kg5 Re7 35. Kg6 Kd5 36. Kf5 e4 37. Rd2+ Kc5 38. Re2 e3 39. Kf4 g5+
40. Kf3 Kd5 41. Rxe3 Rxe3+ 42. Kxe3 Ke5 43. Kf3 c5 44. Ke3 b5 45. b4 cxb4 46.
cxb4 Kd5 47. Kd3 1/2-1/2

[Event "Autunno Scacchistico A"]
[Site "Venezia ITA"]
[Date "2007.11.02"]
[Round "3"]
[White "Rezzuti, Vincenzo"]
[Black "Maccapan, Fabio"]
[Result "1/2-1/2"]
[WhiteElo "2017"]
[BlackElo "2072"]
[PlyCount "36"]
[EventDate "2007.11.01"]

1. e4 e5 2. f4 exf4 3. Nf3 Ne7 4. d4 d5 5. exd5 Nxd5 6. Bc4 c6 7. O-O Be7 8.
Nc3 O-O 9. Nxd5 cxd5 10. Bd3 g5 11. h4 h6 12. hxg5 hxg5 13. Ne5 f5 14. Qh5 Bf6
15. Qg6+ Bg7 16. Ng4 Qb6 17. Nh6+ Kh8 18. Nf7+ Kg8 1/2-1/2

[Event "Autunno Scacchistico A"]
[Site "Venezia ITA"]
[Date "2007.11.02"]
[Round "3"]
[White "Szirmai, Emil"]
[Black "Navarro, Stefano"]
[Result "0-1"]
[WhiteElo "2102"]
[BlackElo "2258"]
[PlyCount "66"]
[EventDate "2007.11.01"]

1. e4 e5 2. Nf3 Nc6 3. Bb5 f5 4. d3 fxe4 5. dxe4 Nf6 6. Bg5 Be7 7. Nc3 d6 8.
Bc4 Na5 9. Be2 Be6 10. Bxf6 Bxf6 11. Nd5 O-O 12. Qd2 Nc6 13. c3 Kh8 14. O-O Ne7
15. Nxe7 Bxe7 16. c4 Qe8 17. Ne1 Qg6 18. Qd3 Rf4 19. Bf3 Raf8 20. Kh1 Qf7 21.
b3 g5 22. h3 h5 23. Be2 g4 24. f3 gxh3 25. g3 Rf6 26. Nc2 Rg8 27. Kh2 Rfg6 28.
Ne3 Rxg3 29. Nf5 Rg2+ 30. Kh1 Bxf5 31. exf5 R8g3 32. Qe4 Qg7 33. f6 Rh2+ 0-1

[Event "Autunno Scacchistico A"]
[Site "Venezia ITA"]
[Date "2007.11.02"]
[Round "3"]
[White "Timoshenko, Georgy"]
[Black "Rombaldoni, Axel"]
[Result "1-0"]
[WhiteElo "2544"]
[BlackElo "2399"]
[PlyCount "63"]
[EventDate "2007.11.01"]

1. e4 c5 2. Nf3 Nc6 3. d4 cxd4 4. Nxd4 e5 5. Nb5 d6 6. N1c3 a6 7. Na3 b5 8. Nd5
Nce7 9. c4 Nxd5 10. exd5 bxc4 11. Nxc4 Nf6 12. Be3 Rb8 13. a4 Be7 14. Be2 O-O
15. O-O Bb7 16. Nb6 Nd7 17. a5 f5 18. Qa4 Nf6 19. f3 Kh8 20. Rfd1 f4 21. Bf2 g5
22. h3 h5 23. b4 g4 24. hxg4 hxg4 25. fxg4 Rg8 26. Ra3 Rg6 27. Qc2 Qg8 28. Rh3+
Kg7 29. Qf5 Rf8 30. Bd3 Rxg4 31. Bh4 Kf7 32. Bxf6 1-0

[Event "Autunno Scacchistico A"]
[Site "Venezia ITA"]
[Date "2007.11.02"]
[Round "3"]
[White "Xia, Jie"]
[Black "Genocchio, Daniele"]
[Result "0-1"]
[WhiteElo "2220"]
[BlackElo "2433"]
[PlyCount "80"]
[EventDate "2007.11.01"]

1. e4 c5 2. Nf3 d6 3. d4 Nf6 4. Bb5+ Nc6 5. O-O cxd4 6. Nxd4 Qc7 7. Nc3 a6 8.
Be2 e6 9. Be3 Be7 10. f4 O-O 11. Kh1 Re8 12. Qe1 Bd7 13. Qg3 Rac8 14. Rae1 b5
15. a3 d5 16. Bd3 dxe4 17. Nxe4 Nxe4 18. Bxe4 Bf6 19. Nxc6 Bxc6 20. Bxc6 Qxc6
21. c3 Rcd8 22. Rd1 Qe4 23. Qf2 Rd3 24. Bb6 Rb8 25. Rfe1 Qd5 26. Qe2 Rxd1 27.
Rxd1 Qc4 28. Qf3 Qb3 29. Rd2 g6 30. Bc7 Rc8 31. Be5 Bg7 32. Bxg7 Kxg7 33. h3
Rc5 34. Qe3 Rd5 35. Rxd5 Qxd5 36. Qe5+ Qxe5 37. fxe5 Kh6 38. h4 Kh5 39. Kh2 Kg4
40. a4 Kf4 0-1

[Event "Autunno Scacchistico A"]
[Site "Venezia ITA"]
[Date "2007.11.03"]
[Round "4"]
[White "Bellavita, Guido"]
[Black "Solinas, Carlo"]
[Result "1-0"]
[WhiteElo "2131"]
[BlackElo "2050"]
[PlyCount "123"]
[EventDate "2007.11.01"]

1. c4 Nf6 2. Nc3 g6 3. g3 Bg7 4. Bg2 d6 5. Nf3 O-O 6. O-O c6 7. d4 Qa5 8. Qd2
Nbd7 9. Nd5 Qd8 10. Nc3 e5 11. dxe5 Nxe5 12. Nxe5 dxe5 13. Rd1 Be6 14. Qc2 Qc7
15. Qa4 Nd7 16. b3 Nc5 17. Qa3 b6 18. Be3 Nb7 19. Rac1 Rfd8 20. Nd5 Bxd5 21.
cxd5 c5 22. d6 Qd7 23. Qa6 Rab8 24. b4 Nxd6 25. bxc5 Qb5 26. Qxb5 Nxb5 27.
Rxd8+ Rxd8 28. cxb6 axb6 29. Bxb6 Rb8 30. Be3 Nd4 31. Kf1 Bf8 32. Be4 Ba3 33.
Rb1 Rxb1+ 34. Bxb1 Kf8 35. f4 f6 36. Bd3 Ke7 37. fxe5 fxe5 38. Ke1 Kd6 39. Bh6
Kd5 40. Ba6 Nc2+ 41. Kd2 Nb4 42. Bb7+ Kc4 43. Bf8 Bb2 44. a4 Bc3+ 45. Ke3 Bd4+
46. Ke4 Bg1 47. h3 Bb6 48. Kxe5 Kb3 49. Kf6 Bd4+ 50. Kf7 Kxa4 51. Be4 Na2 52.
Kg8 Nc3 53. Bc2+ Ka5 54. Bd3 Bf2 55. Kxh7 Bxg3 56. Kxg6 Nd5 57. Bh6 Kb6 58. Bg5
Kc5 59. Kf5 Kd4 60. h4 Be5 61. Be4 Bh8 62. Bxd5 1-0